| Tag |
First Indicator |
Second Indicator |
Subfields |
| LEADER |
00000cam a22000001a 4500 |
| 001 |
in00004100628 |
| 005 |
20200117091330.0 |
| 006 |
m d f |
| 007 |
cr bn mmmapmmp |
| 008 |
100406s2009 dcu ob f000 0 eng d |
| 035 |
|
|
|a chdc201001028
|
| 040 |
|
|
|a UMI
|c UMI
|d UtOrBLW
|
| 042 |
|
|
|a pcc
|
| 043 |
|
|
|a n-us---
|
| 074 |
|
|
|a 1035-C
|
| 086 |
0 |
|
|a Y 4.B 22/3:S.HRG.111-141
|
| 110 |
1 |
|
|a United States.
|b Congress.
|b Senate.
|b Committee on Banking, Housing, and Urban Affairs.
|b Subcommittee on Securities, Insurance, and Investment.
|0 http://id.loc.gov/authorities/names/no2009196483
|
| 245 |
1 |
0 |
|a Lessons learned in risk management oversight at federal financial regulators :
|b hearing before the Subcommittee on Securities, Insurance, and Investment of the Committee on Banking, Housing, and Urban Affairs, United States Senate, One Hundred Eleventh Congress, first session, on discussing the role of federal financial regulators in the financial crisis in the United States and reforming regulation to ensure a strong financial system, March 18, 2009.
|
| 264 |
|
1 |
|a Washington :
|b U.S. G.P.O.,
|c 2009.
|
| 264 |
|
2 |
|a Washington :
|b For sale by the Supt. of Docs., U.S. G.P.O.
|
| 300 |
|
|
|a iii, 177 pages, digital, PDF file.
|
| 336 |
|
|
|a text
|b txt
|2 rdacontent
|
| 337 |
|
|
|a computer
|b c
|2 rdamedia
|
| 338 |
|
|
|a online resource
|b cr
|2 rdacarrier
|
| 490 |
1 |
|
|a S. hrg. ;
|v 111-141
|
| 500 |
|
|
|a Shipping list number: 2010-0068-P.
|
| 504 |
|
|
|a Includes bibliographical references.
|
| 500 |
|
|
|a Record is based on bibliographic data in ProQuest Congressional Hearings Digital Collection. Reuse except for individual research requires license from ProQuest, LLC.
|
| 500 |
|
|
|a Electronic resource.
|
| 533 |
|
|
|a Electronic reproduction.
|b [Bethesda, Md.] :
|c ProQuest,
|d 2010.
|e digital, PDF file.
|n ProQuest U.S. Congressional Hearings Digital Collection.
|n Mode of access: World Wide Web via ProQuest website.
|
| 538 |
|
|
|a System requirements: PDF reader software.
|
| 650 |
|
0 |
|a Banks and banking
|x State supervision
|z United States.
|0 http://id.loc.gov/authorities/subjects/sh2007101810
|
| 650 |
|
0 |
|a Risk management
|z United States.
|0 http://id.loc.gov/authorities/subjects/sh2008110812
|
| 650 |
|
0 |
|a Financial crises
|z United States.
|0 http://id.loc.gov/authorities/subjects/sh2008120571
|
| 776 |
0 |
8 |
|i Print version:
|a United States. Congress. Senate. Committee on Banking, Housing, and Urban Affairs. Subcommittee on Securities, Insurance, and Investment.
|t Lessons learned in risk management oversight at federal financial regulators
|w 9780160846748
|w 0160846749
|w (OCoLC)ocn475653264
|z 2009526497
|
| 776 |
0 |
8 |
|i Microfiche version:
|a United States. Congress. Senate. Committee on Banking, Housing, and Urban Affairs. Subcommittee on Securities, Insurance, and Investment.
|t Lessons learned in risk management oversight at federal financial regulators
|d [Bethesda, Md.] : ProQuest,[2010]
|o CIS 2010 S241-12
|w (ProQuest)cis01002724
|
| 810 |
1 |
|
|a United States.
|b Congress.
|b Senate.
|t S. hrg. ;
|v 111-141.
|0 http://id.loc.gov/authorities/names/n83707917
|
| 856 |
4 |
0 |
|u http://proxy.library.tamu.edu/login?url=http://search.proquest.com/congcomp/getdoc?HEARING-ID=HRG-2009-BHU-0019
|y Electronic resource (PDF)
|t 0
|
| 998 |
|
|
|a cis01002724
|
| 999 |
f |
f |
|s 13a62666-423f-3ab5-a6ad-890bb20bd515
|i 6ee6ecfa-b789-3a85-9656-c8e0af544614
|t 0
|
| 952 |
f |
f |
|a Texas A&M University
|b College Station
|c Electronic Resources
|d Available Online
|t 0
|e Y 4.B 22/3:S.HRG.111-141
|h Superintendent of Documents classification
|
| 998 |
f |
f |
|a Y 4.B 22/3:S.HRG.111-141
|t 0
|l Available Online
|